SECURITY ANALYSIS AND PORTFOLIO MANAGEMENT (Record no. 8927)
[ view plain ]
| 000 -LEADER | |
|---|---|
| fixed length control field | 00967nam a22001577a 4500 |
| 003 - CONTROL NUMBER IDENTIFIER | |
| control field | SGT |
| 020 ## - INTERNATIONAL STANDARD BOOK NUMBER | |
| International Standard Book Number | 9788177588118 |
| 082 ## - DEWEY DECIMAL CLASSIFICATION NUMBER | |
| Classification number | 332.6,FIS |
| 245 ## - TITLE STATEMENT | |
| Title | SECURITY ANALYSIS AND PORTFOLIO MANAGEMENT |
| 250 ## - EDITION STATEMENT | |
| Edition statement | 6TH |
| 260 ## - PUBLICATION, DISTRIBUTION, ETC. (IMPRINT) | |
| Place of publication, distribution, etc | NEW DELHI |
| Name of publisher, distributor, etc | PEARSON |
| Year of Publication | 2013 |
| 300 ## - PAGE DESCRIPTION | |
| No. of Pages | 703 |
| 650 ## - SUBJECT ADDED ENTRY--TOPICAL TERM | |
| Topical term or geographic name as entry element | FINANCIAL ECONOMICS |
| 653 ## - KEYWORDS--INDEX TERM | |
| Keyword term | 1. INTRODUCTION TO SECURITIES. 2. MARKETS FOR SECURITIES AND TAXES. 3. RISK AND RETURN. 4. ECONOMIC ANALYSIS. 5. INDUSTRY ANALYSIS. 6. COMPANY ANALYSIS: MEASURING EARNINGS. 7. COMPANY ANALYSIS: FORECASTING EARNINGS. 8. COMPANY ANALYSIS: APPLIED VALUATION. 9. BOND ANALYSIS; RETURNS AND SYSTEMATIC RISK. 10. BOND ANALYSIS: UNSYSTEMATIC RISK. 11. BOND MANAGEMENT STRATEGIES. 12. OPTIONS. 13. RIGHTS, WARRANTS AND CONVERTIBLES. 14. FUTURES. 15. TECHNICAL ANALYSIS. 16. EFFICIENT—MARKET THEORY 17. PORTFOLIO ANALYSIS. 18. PORTFOLIO SELECTION. 19. CAPITAL MARKET THEORY. 20. MANAGED PORTFOLIOS AND PERFORMANCE MEASUREMENTS. |
| 942 ## - ADDED ENTRY ELEMENTS (KOHA) | |
| Source of classification or shelving scheme | Dewey Decimal Classification |
| Koha item type | FCM Books |
| 942 ## - ADDED ENTRY ELEMENTS (KOHA) | |
| -- | 6 |
| Withdrawn status | Lost status | Source of classification or shelving scheme | Damaged status | Not for loan | Collection code | Home library | Current library | Shelving location | Date acquired | Vendor Name | Cost, normal purchase price | SGTU | Bill Number | Total Checkouts | Full call number | Accession No. (Barcode) | Date last seen | Date last borrowed | Bill Date | Koha item type |
|---|---|---|---|---|---|---|---|---|---|---|---|---|---|---|---|---|---|---|---|---|
| Dewey Decimal Classification | COMMERCE MANAGEMENT | SGT Science & Social Sciences Library | SGT Science & Social Sciences Library | On Display | 03/06/2016 | KIRTI PRAKASHAN | 715.00 | SGTU | 2705 | 4 | 332.6,FIS | CM771 | 08/12/2017 | 20/11/2017 | 14/08/2015 | FCM Books | ||||
| Dewey Decimal Classification | COMMERCE MANAGEMENT | SGT Science & Social Sciences Library | SGT Science & Social Sciences Library | On Display | 03/06/2016 | KIRTI PRAKASHAN | 715.00 | SGTU | 2705 | 13 | 332.6,FIS | CM772 | 31/03/2022 | 31/03/2022 | 14/08/2015 | FCM Books | ||||
| Dewey Decimal Classification | Not For Loan | COMMERCE MANAGEMENT | SGT Science & Social Sciences Library | SGT Science & Social Sciences Library | Reference Book | 03/06/2016 | KIRTI PRAKASHAN | 715.00 | SGTU | 2705 | 332.6,FIS | CM773 | 03/06/2016 | 14/08/2015 | FCM Books |